000 01379njm a22003257a 4500
005 20100917104233.0
007 sd ammalaaahaa
008 100904t xxu||||| |||| 00| 0 hin d
028 _a2221 356
_bPOLYDOR
028 _a2221 356
_bPOLYDOR
028 _a2221 356
_bPOLYDOR
035 _aGR-03069
040 _aSED/VEN
100 _91184
_aBhosle, Asha
245 _aArchana (Part-1)
_bHindi Films /
_cby Asha Bhosle & Chorus; Music by Shanker Jaikishan; Lyric by Indivar
_h[Sound Recording] :
246 _aअर्चना (आशा भोसले और चोरस)
260 _aDum Dum, India :
_bPOLYDOR
300 _a1 sound disc [Gramophone Recording] :
_banalog, 33 1/3 rpm ;
_c7 in. [SP]
_fGramophone Records
500 _aBrief Records
500 _aRecord Labels: POLYDOR, Red
505 _aSong Side-1; जनम दिन मुबारक (अर्चना) (आशा भोसले और चोरस), Song Side-2; अरी मुनिया री मुनिया (किशोर कुमार) (Part-2)
600 _920259
_aBhosle, Asha
610 _920322
650 _aClassical Music
_xExcerpts
_zIndia
_918309
700 _918319
_aChorus
700 _918320
_aKishore Kumar
700 _920323
942 _2ddc
_cGR
999 _c46359
_d46359